<?xml version="1.0" encoding="UTF-8"?>
<record
    xmlns:xsi="http://www.w3.org/2001/XMLSchema-instance"
    xsi:schemaLocation="http://www.loc.gov/MARC21/slim http://www.loc.gov/standards/marcxml/schema/MARC21slim.xsd"
    xmlns="http://www.loc.gov/MARC21/slim">

  <leader>00286nam a2200133   4500</leader>
  <controlfield tag="001">CDOM0000003703</controlfield>
  <controlfield tag="003">mi</controlfield>
  <controlfield tag="005">20250829143432.0</controlfield>
  <controlfield tag="008">250729b        |||||||| |||| 00| 0 eng d</controlfield>
  <datafield tag="040" ind1=" " ind2=" ">
    <subfield code="c">mi</subfield>
  </datafield>
  <datafield tag="100" ind1=" " ind2=" ">
    <subfield code="a">Wittig, Monique</subfield>
  </datafield>
  <datafield tag="245" ind1="1" ind2=" ">
    <subfield code="a">Il corpo lesbico </subfield>
  </datafield>
  <datafield tag="942" ind1=" " ind2=" ">
    <subfield code="2">ddc</subfield>
    <subfield code="c">BK</subfield>
  </datafield>
  <datafield tag="999" ind1=" " ind2=" ">
    <subfield code="c">5650</subfield>
    <subfield code="d">5650</subfield>
  </datafield>
  <datafield tag="952" ind1=" " ind2=" ">
    <subfield code="0">0</subfield>
    <subfield code="1">0</subfield>
    <subfield code="2">ddc</subfield>
    <subfield code="4">0</subfield>
    <subfield code="7">0</subfield>
    <subfield code="a">MI</subfield>
    <subfield code="b">MI</subfield>
    <subfield code="d">2009-08-19</subfield>
    <subfield code="i">5407</subfield>
    <subfield code="l">0</subfield>
    <subfield code="o">B-LNR02-WITTMO-COR11</subfield>
    <subfield code="p">CDOM5407</subfield>
    <subfield code="r">2025-07-13 16:28:00</subfield>
    <subfield code="w">2025-07-13</subfield>
    <subfield code="y">BK</subfield>
  </datafield>
</record>
